01773nam a2200157 4500008001800000020001800018082002300036100002600059245006400085260005100149300003800200505117900238650011801417700003801535710004201573709.050.155 EL39e a9786124712920 a709.050.155bEL39e aTejeda-Herrera, Elena a Videos de esta mujer:bRegistros de performances 1997 2010 aLimabAsosiación Ishma bProyecto AMILc2018 a224 p.bil. (col)c30,5 x 24,4 cm tIntroducciónrYoel Yoss, Juan Carlos Verme tElena Tejeda-Herrera. Videos de esta mujer: registros de performances 1997-2010 // Elena Tejeda-Herrera. Videos from this woman: performances documentation 1997-2010rFlorencia PortocarrerotVideos Parte I / Video Part IrElena Tejeda-Herrera tEstrellas sin origen. Notas sobre las primeras tres performances de Elena Tejeda-Herrera / Stars without origin. Notes on the first three performances of Elena Tejeda-HerrerarArmando Andrade Tudela tDossier de textos / Texts dossier rElena Tejeda-Herrera tVideos parte II / Videos part IIrElena Tejeda-Herrera tCuando me masturbo soy hermafrodita. La re-educación corporal según Elena Tejeda-Herrera / When I masturbate I am hermaphrodite. The re-education of the body according to Elena Tejeda-HerrerarMiguel A. LópeztGenealogía del arte feminista en el Perú: una conversación en torno al trabajo de Elena Tejeda-Herrera / Genealogies of feminist art in Perú: a conversation on the work of Elena Tejeda-HerrerarFlorencia Portocarrero (ed.)tVideos parte III / Video part IIIrElena Tejeda-Herrera tListado de obras / List of works tBiografía / Biography  xarte contemporáneo xarte - performancexfeminismoxcrítica e interpretación xmujeres en las artesxPerú aPortocarrero, Florencia (editora) aHernández Calvo, Max (traducción)